Chemical process principles (Record no. 19036)

000 -LEADER
fixed length control field 00586nam a22002171 4500
001 - CONTROL NUMBER
control field 19036
003 - CONTROL NUMBER IDENTIFIER
control field BD-DhUET
008 - FIXED-LENGTH DATA ELEMENTS--GENERAL INFORMATION
fixed length control field 840614m19549999nyua 000 0 eng
040 ## - CATALOGING SOURCE
Original cataloging agency DLC
Transcribing agency DLC
Modifying agency BD-DhUET
082 00 - DEWEY DECIMAL CLASSIFICATION NUMBER
Classification number 660.284
Item number HOU/1960
100 1# - MAIN ENTRY--PERSONAL NAME
Personal name Hougen, Olaf A.
245 10 - TITLE STATEMENT
Title Chemical process principles
250 ## - EDITION STATEMENT
Edition statement 2nd ed.
260 ## - PUBLICATION, DISTRIBUTION, ETC. (IMPRINT)
Place of publication, distribution, etc. New York
Name of publisher, distributor, etc. John Wiley & Sons
Date of publication, distribution, etc. 1959
300 ## - PHYSICAL DESCRIPTION
Extent xviii, (505-1072)p.
Other physical details illus
Dimensions 24 cm.
500 ## - GENERAL NOTE
General note Part- II, Thermodynamics
650 #0 - SUBJECT ADDED ENTRY--TOPICAL TERM
Topical term or geographic name as entry element Chemical engineering
700 ## - ADDED ENTRY--PERSONAL NAME
Personal name Watson, Kenneth M.
700 ## - ADDED ENTRY--PERSONAL NAME
Personal name Ragatz, Roland A.
942 ## - ADDED ENTRY ELEMENTS (KOHA)
Koha item type General Book
Holdings
Not for loan Source of classification or shelving scheme Koha normalized classification for sorting Date acquired Koha item type Location (home branch) Price effective from Koha full call number Damaged status Shelving location Sublocation or collection (holding branch) Lost status Copy number Withdrawn status Piece designation (barcode) Koha date last seen
  660_280000000000000_HOU_19592015-04-02General BookCentral Library, BUET2015-04-02660.28/HOU/1959 Circulation sectionCentral Library, BUET 1 174882015-04-02
  660_280000000000000_HOU_19592015-05-11General BookCentral Library, BUET2015-05-11660.28/HOU/1959 Circulation sectionCentral Library, BUET 2 113602015-05-11
  660_284000000000000_HOU_19602015-05-12General BookCentral Library, BUET2015-05-12660.284/HOU/1960 Circulation sectionCentral Library, BUET 3 10442015-05-12
  660_284000000000000_HOU_19602015-05-12General BookCentral Library, BUET2015-05-12660.284/HOU/1960 Circulation sectionCentral Library, BUET 4 5102015-05-12
  660_284000000000000_HOU_19602015-05-18General BookCentral Library, BUET2015-05-18660.284/HOU/1960 Circulation sectionCentral Library, BUET 5 5112015-05-18
  660_284000000000000_HOU_19602015-05-18General BookCentral Library, BUET2015-05-18660.284/HOU/1960 Circulation sectionCentral Library, BUET 6 10452015-05-18
  660_280000000000000_HOU_19692015-06-20Reading ItemCentral Library, BUET2015-06-20660.28/HOU/1969 Reading sectionCentral Library, BUET 7 113592015-06-20